| 000 | 00923nam a22002057a 4500 | ||
|---|---|---|---|
| 999 |
_c1787 _d1787 |
||
| 003 | AR-CdUCM | ||
| 008 | 190227b ||||| |||| 00| 0 spa d | ||
| 040 |
_aMUNICIPALIDAD PROVINCIAL DEL CUSCO _cBIBLIOTECA MUNICIPAL DEL CUSCO |
||
| 082 |
_a985.61 / _bC23 |
||
| 100 |
_aCalvo C., Rossano _95422 |
||
| 245 | _aGénesis del regionalismo y el localismo cusqueño / | ||
| 260 |
_aCusco : _bMunicipalidad de Wanchaq, _c1998. |
||
| 300 |
_a91 páginas ; _bilustraciones ; _c19 cm. |
||
| 505 | _aEl serrano está tan terriblemente exacerbado -- La lucha por un regionalismo autónomo -- Localismo, tradición y proyectos endógenos en el Cusco aldeano (1900-1955) -- APOSTILLA -- La tradición del localismo cusqueño en la sociedad contemporánea cusqueña. | ||
| 650 |
_aHistoria cusqueña _95374 |
||
| 650 |
_aTradición oral _92031 |
||
| 650 |
_aRealidad Nacional _91454 |
||
| 942 |
_2ddc _cLIBROS |
||
| 945 |
_araen _d2019-02-27 |
||